STUDY ON CITIZEN PARTICIPATION IN THE SYSTEMATIC LAND REGISTRATION IN PREY KABBAS COMMUNE, PREY KABBAS DISTRICT, TAKEO PROVINCE សិក្សាអំពីការចូលរួមរបស់ប្រជាពលរដ្ឋក្នុងការចុះបញ្ជីដីធ្លីមានលក្ខណៈជាប្រព័ន្ធ នៅឃុំព្រៃកប្បាស ស្រុកព្រៃកប្បាស ខេត្តតាកែវ (Record no. 24942)

000 -LEADER
fixed length control field 00850nam a22001337a 4500
040 ## - CATALOGING SOURCE
Transcribing agency RUA
082 ## - DEWEY DECIMAL CLASSIFICATION NUMBER
Classification number LMA DIN 2024 B1-398 Or.1
100 ## - MAIN ENTRY--AUTHOR NAME
Personal name DIN SAMBO ឌិន សម្បូ
245 ## - TITLE STATEMENT
Title STUDY ON CITIZEN PARTICIPATION IN THE SYSTEMATIC LAND REGISTRATION IN PREY KABBAS COMMUNE, PREY KABBAS DISTRICT, TAKEO PROVINCE សិក្សាអំពីការចូលរួមរបស់ប្រជាពលរដ្ឋក្នុងការចុះបញ្ជីដីធ្លីមានលក្ខណៈជាប្រព័ន្ធ នៅឃុំព្រៃកប្បាស ស្រុកព្រៃកប្បាស ខេត្តតាកែវ
260 ## - PUBLICATION, DISTRIBUTION, ETC. (IMPRINT)
Place of publication RUA
Name of publisher PHNOM PENH
Year of publication 2024
300 ## - PHYSICAL DESCRIPTION
Number of Pages x
Other physical details ill
Dimensions 29cm
856 ## - ELECTRONIC LOCATION AND ACCESS
Uniform Resource Identifier https://drive.google.com/file/d/1qV1xW5GxcVvniTjySar5Sqqgl6U2fGBG/view?usp=sharing
942 ## - ADDED ENTRY ELEMENTS (KOHA)
Koha item type LMA
952 ## - LOCATION AND ITEM INFORMATION (KOHA)
Withdrawn status [LOCAL, KOHA] 0
952 ## - LOCATION AND ITEM INFORMATION (KOHA)
Withdrawn status [LOCAL, KOHA] 0
Holdings
Permanent Location Date acquired Koha item type Lost status Shelving location Barcode Current Location Full call number
Library Block B2025-05-13LMA B1.398A084204Library Block BLMA DIN 2024 B1-398 Or.1
Library Block B2025-05-13LMA B1.398A084235Library Block BLMA DIN 2024 B1-398 Or.2
មជ្ឈមណ្ឌលឯការនៃសាកលវិទ្យាល័យភូមិន្ទកសិកម្មចំការដូង

Powered by Koha